000 00461nam a2200181Ia 4500
008 191130s2008##################000#0#eng##
020 _a9788179921548
040 _aACL
_cACL
082 _a205.677 EAS
100 _aEaswaran, Eknath
245 _aLove is God
_cEknath Easwaran
260 _aAhmedabad
_bJaico
_cc2008
300 _a234 p. ; 18 cm
650 _aReligion
990 _a2707cfafac10000c2056adef0ec33e97
991 _a80557
999 _c235843
_d235843